Europejska Geografia na literę A - 1 - Statystyki

Ogólne statystyki
  • Ten quiz został rozwiązany 75 razy
  • Średni wynik to 10 z 15
Statystyki odpowiedzi
Wskazówka Odpowiedź % Poprawnych
Najwyższy łańcuch górski Alpy
97%
Część składowa Wielkiej Brytanii Anglia
94%
W tym mieście znajduje się Partenon Ateny
91%
Kraj w całości pokryty górami - Pirenejami Andora
89%
Cieśnina Gibraltarska oddziela Europę od tego kontynentu Afryka
88%
Bałtyk jest częścią tego oceanu Atlantyk
88%
Kod międzynarodowy tego państwa to AL Albania
80%
Stolica, nad morzem Północnym - w herbie oraz na fladze tego miasta znajdują się krzyże św. Andrzeja Amsterdam
79%
Pod stolicą tego miasta w 1683 roku Jan III Sobieski stoczył bitwę Austria
65%
Portugalski archipelag składający się z dziewięciu wysp wulkanicznych Azory
56%
Drugie pod względem wielkości miasto Danii Aarhus
48%
Miasto, które pod koniec XIV wieku stało się centrum handlu diamentami - tzw. diamentowe miasto Antwerpia
38%
Archipelag leżący na morzu Bałtyckim przy Zatoce Botnickiej, należący do Finlandii to Wyspy ... Alandzkie
36%
Region - "obcas włoskiego buta" Apulia
23%
Główna rzeka Toskanii Arno
21%
Nie znaleziono quizów pasujących do podanych kryteriów
Rozkład punktacji
Procent ludzi z każdym wynikiem
Percentyl według liczby udzielonych odpowiedzi
Twoja historia wyników
Nie rozwiązałeś tego quizu